|
|
|
|
| LEADER |
01976nam a22004097a 4500 |
| 001 |
45249 |
| 003 |
BD-DhAAL |
| 005 |
20260111125201.0 |
| 008 |
260108t1991 bg a|||| |||| 00| 0 eng d |
| 040 |
|
|
|a BD-DhAAL
|d BD-DhAAL
|
| 082 |
|
|
|a 362.1095492
|2 23
|
| 245 |
|
|
|a AMR Chowdhury /
|n Volume I,
|g 1978-1991 /
|c A. Mushtaque R. Chowdhury... [et.al].
|
| 260 |
|
|
|a Dhaka :
|b AMR Chowdhury publication,
|
| 300 |
|
|
|a 275 pages :
|b illustrations ;
|c 29 cm
|
| 541 |
|
|
|a Complimentary copy from Dr. Ahmed Mushtaque Raza Chowdhury (Former Vice Chairperson of BRAC)
|e 45249
|
| 650 |
|
|
|a Public health
|z Bangladesh
|x History.
|9 58108
|
| 650 |
|
|
|a Health facilities
|z Bangladesh
|x History.
|9 58123
|
| 650 |
|
|
|a Medicine
|z Bangladesh
|x History.
|9 58107
|
| 650 |
|
|
|a Medicine
|x History.
|9 58109
|
| 650 |
|
|
|a Health education
|z Bangladesh.
|
| 650 |
|
|
|a Social science.
|
| 700 |
|
|
|a Chowdhury, A. M. Raza.
|
| 700 |
|
|
|a Chowdhury, Fakhrul Islam.
|9 60082
|
| 700 |
|
|
|a Ahmed, Alauddin.
|9 60083
|
| 700 |
|
|
|a Vaughan, J Patrick.
|9 53288
|
| 700 |
|
|
|a Karim, Fazlul.
|9 16128
|
| 700 |
|
|
|a Ahmed, Jalaluddin.
|9 29489
|
| 700 |
|
|
|a Huda, Khawja Shamsul.
|9 56844
|
| 700 |
|
|
|a Kabir, Z. N.
|9 60084
|
| 700 |
|
|
|a Abed, Fazle Hasan.
|
| 700 |
|
|
|a Rohde, J.E.
|9 60085
|
| 700 |
|
|
|a Alam, Aminul.
|9 60086
|
| 700 |
|
|
|a McKee, N.
|9 60087
|
| 856 |
|
|
|z Full text available on BRAC University Institutional Repository
|u https://dspace.bracu.ac.bd/xmlui/handle/10361/13276
|
| 942 |
|
|
|2 ddc
|c BK
|
| 999 |
|
|
|c 47698
|d 47698
|
| 952 |
|
|
|0 0
|1 0
|2 ddc
|4 0
|6 362_109549200000000_AMR
|7 1
|9 78660
|a BRACUL
|b BRACUL
|c AMRC
|d 2026-01-08
|e Complimentary copy from Dr. Ahmed Mushtaque Raza Chowdhury (Former Vice Chairperson of BRAC)
|l 0
|o 362.1095492 AMR
|p 3010045249
|r 2026-01-08
|t 1
|w 2026-01-08
|y BK
|x Complimentary copy received from Dr. Ahmed Mushtaque Raza Chowdhury (Former Vice Chairperson of BRAC) on 22/12/ 2025;The University Librarian instructed to process the photocopy of the book because the author is the copyright recipient.
|